00358pab a2200121 454500008004000000100001700040245009700057260000900154300001200163362001200175650001800187773003100205180718b2017 xxu||||| |||| 00| 0 eng d aMuller, Ralf aGovernance and ethics in temporary organizations: the mediating role of corporate governance c2017 ap.7-23. aDec-Jan aOrganizations aProject Management Journal